000 00364nam a2200145Ia 4500
008 090124s9999 xx 000 0 und d
082 _b9315
_a1043
245 _a मंगल-प्रभात
250 _a4
260 _c1957
300 _a112
630 _a मंगल-प्रभात
730 _a मंगल-प्रभात
942 _cBOOK
999 _c123364
_d123364